[Event "C.to Provinciale IM-SV"]
[Site "Alassio ITA"]
[Date "2016.01.15"]
[Round "1"]
[White "Camerino, Simone"]
[Black "Montani, Riccardo"]
[WhiteElo "1580"]
[BlackElo "1870"]
[Result "1/2-1/2"]
[PlyCount "41"]
[EventDate "2016.01.15"]

1. c4 e5 2. Nc3 Nf6 3. e4 Nc6 4. Nf3 Bc5 5. Be2 d6 6. d3 O-O 7. Bg5 h6 8. Bh4
Be6 9. Qd2 a6 10. g4 Bxg4 11. Nd5 Bxf3 12. Nxf6+ gxf6 13. Qxh6 Bxh1 14. Bxf6
Qxf6 15. Qxf6 Nd4 16. Kf1 Rae8 17. Bg4 Re6 18. Bxe6 fxe6 19. Qg6+ Kh8 20. Qh6+
Kg8 21. Qg6+ 1/2-1/2

[Event "C.to Provinciale IM-SV"]
[Site "Alassio ITA"]
[Date "2016.01.15"]
[Round "1"]
[White "Caputi, Giuliano"]
[Black "Cardino, Guido"]
[WhiteElo "1875"]
[BlackElo "1609"]
[Result "1-0"]
[PlyCount "127"]
[EventDate "2016.01.15"]

1. e4 c6 2. d4 d5 3. Nc3 dxe4 4. Nxe4 Bf5 5. Ng3 Bg6 6. Nf3 Nd7 7. h4 h6 8. Bc4
e6 9. c3 Bd6 10. Qe2 Ne7 11. h5 Bh7 12. Ne4 Bxe4 13. Qxe4 Nf6 14. Qe2 Ned5 15.
Ne5 Qc7 16. Bd2 Nd7 17. f4 Nxe5 18. fxe5 Be7 19. Bxd5 cxd5 20. O-O Bg5 21. Qb5+
Qc6 22. Qxc6+ bxc6 23. Bxg5 hxg5 24. g4 Ke7 25. Kg2 Raf8 26. b4 f5 27. exf6+
gxf6 28. Rae1 Kd6 29. Kg3 f5 30. Re2 Rh6 31. Re5 Rhf6 32. a4 a6 33. a5 R8f7 34.
gxf5 Rxf5 35. Rfe1 R7f6 36. Kg4 Rf2 37. Kxg5 Rf7 38. Rxe6+ Kd7 39. Kg6 Rf8 40.
Re7+ Kc8 41. Kg7 Rd8 42. h6 Rg2+ 43. Kh7 Rgg8 44. Ra7 Rh8+ 45. Kg6 Rd6+ 46. Kg5
Rdxh6 47. Ree7 Rh5+ 48. Kf4 Rf8+ 49. Kg4 Rhf5 50. Rac7+ Kb8 51. Rxc6 Rf1 52.
Rg6 Kc8 53. Ra7 Rg1+ 54. Kh5 Rh1+ 55. Kg5 Rg1+ 56. Kh6 Rh1+ 57. Kg7 Rf5 58. Rf7
Rhf1 59. Rxf5 Rxf5 60. Rf6 Rxf6 61. Kxf6 Kd7 62. Kf5 Kd6 63. Kf6 Kc6 64. Ke5
1-0

[Event "C.to Provinciale IM-SV"]
[Site "Alassio ITA"]
[Date "2016.01.15"]
[Round "1"]
[White "Delucis, Mauro"]
[Black "Tripodi, Enzo"]
[WhiteElo "1370"]
[BlackElo "1722"]
[Result "0-1"]
[PlyCount "56"]
[EventDate "2016.01.15"]

1. Nf3 d5 2. g3 Nf6 3. Bg2 e6 4. b3 c5 5. Bb2 Nc6 6. d3 Be7 7. Nbd2 O-O 8. O-O
b6 9. c4 Bb7 10. d4 cxd4 11. Nxd4 Rc8 12. Rc1 Na5 13. cxd5 Bxd5 14. N2f3 Bc5
15. Nb5 a6 16. Nc3 Bb7 17. Qxd8 Rfxd8 18. Rfd1 Ng4 19. e3 Nxe3 20. fxe3 Bxe3+
21. Kf1 Bxc1 22. Rxc1 Bxf3 23. Bxf3 Rd2 24. Nd1 Rxc1 25. Bxc1 Rxa2 26. Be3 Nxb3
27. Bxb6 Nd2+ 28. Ke2 Nc4+ 0-1

[Event "C.to Provinciale IM-SV"]
[Site "Alassio ITA"]
[Date "2016.01.15"]
[Round "1"]
[White "Gandolfo, Gianluca"]
[Black "Cirabisi, Federico"]
[WhiteElo "1706"]
[BlackElo "1986"]
[Result "0-1"]
[PlyCount "46"]
[EventDate "2016.01.15"]

1. c4 f5 2. Nc3 Nf6 3. g3 e6 4. Nf3 d5 5. d4 c6 6. cxd5 exd5 7. Bg2 Bd6 8. Bg5
Nbd7 9. e3 O-O 10. Qd3 Qe8 11. O-O Ne4 12. Bf4 Bxf4 13. exf4 Rf6 14. Rfe1 Qh5
15. Ne5 Nxe5 16. fxe5 Rh6 17. h4 g5 18. Bf3 Qf7 19. hxg5 Nxg5 20. Ne2 Nh3+ 21.
Kg2 f4 22. Rh1 fxg3 23. Nxg3 Nf4+ 0-1

[Event "C.to Provinciale IM-SV"]
[Site "Alassio ITA"]
[Date "2016.01.15"]
[Round "1"]
[White "Ivaldo, Fabrizio"]
[Black "Bottini, Claudio"]
[WhiteElo "1869"]
[BlackElo "1544"]
[Result "1-0"]
[PlyCount "51"]
[EventDate "2016.01.15"]

1. e4 e6 2. d4 d5 3. Nc3 Nf6 4. Bg5 Be7 5. e5 Nfd7 6. h4 h6 7. Bxe7 Qxe7 8. Qg4
f5 9. exf6 Qxf6 10. Nf3 b6 11. Bd3 Ba6 12. Bg6+ Ke7 13. O-O-O Nf8 14. Ne5 c6
15. Rhe1 Bc8 16. Qg3 Rg8 17. Nxc6+ Kd7 18. Nxb8+ Rxb8 19. Be8+ Kxe8 20. Qxb8
Qd8 21. Nxd5 Qxd5 22. Qxc8+ Kf7 23. Qc7+ Nd7 24. Re5 Qxa2 25. Qxd7+ Kf6 26.
Rde1 1-0

[Event "C.to Provinciale IM-SV"]
[Site "Alassio ITA"]
[Date "2016.01.15"]
[Round "1"]
[White "Mercandelli, Claudio"]
[Black "Tardito, Pierluigi"]
[WhiteElo "1900"]
[BlackElo "1700"]
[Result "1-0"]
[PlyCount "65"]
[EventDate "2016.01.15"]

1. Nf3 g6 2. g3 f5 3. Bg2 Bg7 4. O-O Nh6 5. c4 O-O 6. Nc3 e5 7. d3 Nc6 8. Bg5
Rf6 9. Nd5 Nf7 10. Bxf6 Bxf6 11. Nxf6+ Qxf6 12. Rb1 Ne7 13. Qc2 c6 14. b4 d5
15. cxd5 cxd5 16. Qc7 a6 17. Rfd1 Qd6 18. Qxd6 Nxd6 19. Nxe5 Nb5 20. Rbc1 d4
21. Kf1 Rb8 22. Rd2 Be6 23. a4 Nc3 24. Rdc2 Bd5 25. Rxc3 Bxg2+ 26. Kxg2 dxc3
27. Rxc3 Rc8 28. Rxc8+ Nxc8 29. e4 fxe4 30. dxe4 Kf8 31. f4 Ke7 32. Nc4 Ke6 33.
Kf3 1-0

[Event "C.to Provinciale IM-SV"]
[Site "Alassio ITA"]
[Date "2016.01.15"]
[Round "1"]
[White "Morselli, Stefano"]
[Black "Guido, Pierpaolo"]
[WhiteElo "1814"]
[BlackElo "1440"]
[Result "0-1"]
[PlyCount "64"]
[EventDate "2016.01.15"]

1. e4 e6 2. d3 c6 3. f4 f5 4. e5 d5 5. d4 Ne7 6. Nf3 Ng6 7. h4 h5 8. Ng5 Ne7 9.
c4 g6 10. Nc3 Bh6 11. Be2 Bxg5 12. hxg5 Nd7 13. b4 dxc4 14. g4 h4 15. gxf5 Nxf5
16. Bxc4 Nb6 17. Bd3 Qxd4 18. Qc2 Nd5 19. Nxd5 Qxd5 20. Be4 Qd4 21. Bb2 Qe3+
22. Kd1 Ke7 23. Qc5+ Qxc5 24. bxc5 Bd7 25. Bxf5 exf5 26. Ke2 Be6 27. a4 Rad8
28. Rad1 Rxd1 29. Rxd1 h3 30. Kf2 h2 31. Kg2 h1=Q+ 32. Rxh1 Bd5+ 0-1

[Event "C.to Provinciale IM-SV"]
[Site "Alassio ITA"]
[Date "2016.01.15"]
[Round "1"]
[White "Pesce, Leandro"]
[Black "Sotgia, Cosimo"]
[WhiteElo "1692"]
[BlackElo "1878"]
[Result "0-1"]
[PlyCount "78"]
[EventDate "2016.01.15"]

1. e4 d5 2. exd5 Qxd5 3. Nc3 Qd6 4. d4 Nf6 5. Nf3 c6 6. g3 Bg4 7. Bg2 e6 8. O-O
Be7 9. Bf4 Qd8 10. Qd2 Na6 11. h3 Bh5 12. Ne5 Rc8 13. g4 Bg6 14. Nxg6 hxg6 15.
Bg3 Bd6 16. Bxd6 Qxd6 17. a3 Nxg4 18. f4 Nf6 19. Qe3 Kf8 20. Ne4 Nxe4 21. Qxe4
Nc7 22. c4 Rd8 23. Rad1 Ne8 24. Qf3 Nf6 25. Qg3 Qc7 26. Rd2 Rh5 27. Qe3 Rf5 28.
Be4 Nxe4 29. Qxe4 Qe7 30. Qg2 Qf6 31. d5 exd5 32. cxd5 Rdxd5 33. Rdf2 g5 34.
fxg5 Qxg5 35. Rxf5 Rxf5 36. Rxf5 Qxf5 37. Qd2 Qc5+ 38. Kh2 Qe5+ 39. Kg1 Qg3+
0-1

[Event "C.to Provinciale IM-SV"]
[Site "Alassio ITA"]
[Date "2016.01.15"]
[Round "1"]
[White "Picasso, Filippo"]
[Black "Biancotti, Alessandro"]
[WhiteElo "1474"]
[BlackElo "1827"]
[Result "0-1"]
[PlyCount "64"]
[EventDate "2016.01.15"]

1. d4 Nf6 2. Nf3 g6 3. Bf4 Bg7 4. e3 O-O 5. Bd3 c5 6. Nbd2 cxd4 7. exd4 Nc6 8.
c3 d6 9. O-O e5 10. dxe5 dxe5 11. Nxe5 Nxe5 12. Bxe5 Qxd3 13. Re1 Bf5 14. Re3
Qd7 15. h3 Rfd8 16. Bd4 Nd5 17. Rf3 Bxd4 18. cxd4 Ne7 19. Nb3 Nc6 20. g4 Be6
21. Nc5 Qe7 22. Rd3 Nb4 23. Nxe6 Qxe6 24. Rb3 Nc6 25. Rd3 Rd5 26. Qd2 Rad8 27.
Re1 Qf6 28. g5 Rxg5+ 29. Kf1 Rxd4 30. Rxd4 Nxd4 31. Re8+ Kg7 32. Qb4 Qa6+ 0-1

[Event "C.to Provinciale IM-SV"]
[Site "Alassio ITA"]
[Date "2016.01.15"]
[Round "1"]
[White "Rossi, Cassani Gianni"]
[Black "Delucis, Gabriele"]
[WhiteElo "1811"]
[BlackElo "1384"]
[Result "1-0"]
[PlyCount "99"]
[EventDate "2016.01.15"]

1. e4 e6 2. c4 Nc6 3. d4 d5 4. exd5 exd5 5. cxd5 Qxd5 6. Nf3 Bb4+ 7. Nc3 Bxc3+
8. bxc3 Nf6 9. Be2 O-O 10. O-O Bf5 11. Bf4 Qd7 12. Bb5 Qd5 13. c4 Qd8 14. Bg5
Bg4 15. Bxc6 bxc6 16. Be3 Re8 17. h3 Bxf3 18. Qxf3 Qd7 19. Rfd1 Rab8 20. d5
cxd5 21. Bxa7 Ra8 22. Bd4 Re4 23. Bxf6 gxf6 24. Rxd5 Qe6 25. Qg3+ Kf8 26. Qxc7
Rc8 27. Rd8+ Rxd8 28. Qxd8+ Kg7 29. Qd5 Qxd5 30. cxd5 Rd4 31. a4 Rxd5 32. a5
Rd8 33. a6 Ra8 34. a7 Kf8 35. Kf1 Ke7 36. Ke2 Kd6 37. Ra6+ Ke7 38. Kd3 h5 39.
h4 Kd8 40. Ke4 Kc8 41. Kf5 Kb7 42. Ra2 Rxa7 43. Rxa7+ Kxa7 44. Kxf6 Kb8 45.
Kxf7 Kc7 46. Kg6 Kd7 47. f4 Ke6 48. f5+ Ke7 49. Kxh5 Kf6 50. g4 1-0

[Event "C.to Provinciale IM-SV"]
[Site "Alassio ITA"]
[Date "2016.01.15"]
[Round "1"]
[White "Scarrone, Eugenio"]
[Black "Pedemonte, Claudio"]
[WhiteElo "1421"]
[BlackElo "1812"]
[Result "0-1"]
[PlyCount "56"]
[EventDate "2016.01.15"]

1. e4 d6 2. d4 Nf6 3. Nc3 g6 4. d5 Bg7 5. Nf3 O-O 6. Nd4 c5 7. dxc6 Nxc6 8. Be3
Ng4 9. Nxc6 bxc6 10. Qd2 Nxe3 11. Qxe3 c5 12. Bc4 Qb6 13. Nd5 Qxb2 14. Nxe7+
Kh8 15. O-O Qb4 16. Bd5 Bxa1 17. Bxa8 Bg7 18. Nd5 Qb2 19. Qe2 Qxa2 20. Nc7 Qa5
21. Nb5 Ba6 22. Bc6 Rc8 23. Bd7 Rc7 24. Be8 Re7 25. Bc6 Qb6 26. Rd1 Qxc6 27.
Rxd6 Qxd6 28. Nxd6 Bxe2 0-1

[Event "C.to Provinciale IM-SV"]
[Site "Alassio ITA"]
[Date "2016.01.16"]
[Round "2"]
[White "Badano, Fabio"]
[Black "Picasso, Filippo"]
[WhiteElo "1760"]
[BlackElo "1474"]
[Result "0-1"]
[PlyCount "92"]
[EventDate "2016.01.15"]

1. e4 e5 2. Nf3 Nc6 3. Bb5 Nge7 4. d4 a6 5. Ba4 exd4 6. Nxd4 b5 7. Nxc6 Nxc6 8.
Bb3 Bc5 9. Bxf7+ Kxf7 10. Qh5+ g6 11. Qxc5 Qf6 12. O-O Re8 13. Nc3 Re5 14. Qe3
Bb7 15. f4 Re7 16. Nd5 Qd6 17. Nxe7 Kxe7 18. Bd2 Re8 19. Bc3 Kd8 20. Rad1 Qe6
21. e5 d5 22. a3 Kc8 23. Rf2 Ne7 24. Qh3 Nf5 25. Qxh7 Ne3 26. Rd3 d4 27. Ba5
Qc6 28. Rxe3 dxe3 29. Qh3+ Kb8 30. Qxe3 Re6 31. Rd2 Qe8 32. Qc3 Qe7 33. Bb4 Qe8
34. Qd4 Qc6 35. Qd7 Qb6+ 36. Qd4 Qc6 37. Bc5 Re8 38. b4 Qe6 39. Qd7 Qg8 40. Qg4
Bc8 41. Qe2 g5 42. Qe4 Bb7 43. Qe3 gxf4 44. Qxf4 Qg7 45. Qf6 Qg8 46. Bf2 Qxg2#
0-1

[Event "C.to Provinciale IM-SV"]
[Site "Alassio ITA"]
[Date "2016.01.16"]
[Round "2"]
[White "Biancotti, Alessandro"]
[Black "Mercandelli, Claudio"]
[WhiteElo "1827"]
[BlackElo "1900"]
[Result "0-1"]
[PlyCount "132"]
[EventDate "2016.01.15"]

1. e4 e6 2. d4 d5 3. Nd2 Be7 4. Bd3 c5 5. c3 cxd4 6. cxd4 Nc6 7. Ne2 Qb6 8. Nb3
Nf6 9. e5 Nd7 10. O-O Nb4 11. Bb1 a5 12. a3 Nc6 13. Qd3 a4 14. Nd2 Na5 15. Bc2
Qc6 16. Nc3 Nb6 17. Qg3 Bf8 18. Rb1 Bd7 19. Bd3 Nac4 20. Nxc4 Nxc4 21. Bg5 h6
22. Bc1 b5 23. Ne2 Qb6 24. Be3 Rc8 25. f4 b4 26. axb4 Qxb4 27. Bc1 Qb3 28. Rf3
Qa2 29. Bc2 Nd2 30. Bxd2 Rxc2 31. Rd1 Qxb2 32. Bc3 Qb5 33. Nc1 Qc4 34. Qe1 a3
35. Ba1 Bb4 36. Qf1 Qxf1+ 37. Kxf1 Bb5+ 38. Kg1 Bc4 39. Nd3 Bxd3 40. Rfxd3 O-O
41. Rb3 Be7 42. Rb7 Re8 43. Rdb1 Rec8 44. Rxe7 Rc1+ 45. Rxc1 Rxc1+ 46. Kf2 Rxa1
47. Ra7 h5 48. h3 a2 49. Kg3 Rd1 50. Rxa2 Rxd4 51. Ra8+ Kh7 52. Ra7 Kg6 53. Kf3
h4 54. Rb7 Re4 55. Re7 Rc4 56. Rd7 Rc3+ 57. Kf2 Rg3 58. Re7 d4 59. Rc7 d3 60.
Rd7 Kf5 61. Rxf7+ Ke4 62. Re7 d2 63. Ke2 Rxg2+ 64. Kd1 Ke3 65. Rd7 Rg1+ 66. Kc2
d1=Q+ 0-1

[Event "C.to Provinciale IM-SV"]
[Site "Alassio ITA"]
[Date "2016.01.16"]
[Round "2"]
[White "Bottini, Claudio"]
[Black "Gandolfo, Gianluca"]
[WhiteElo "1544"]
[BlackElo "1706"]
[Result "0-1"]
[PlyCount "122"]
[EventDate "2016.01.15"]

1. e4 c5 2. Nc3 g6 3. f4 Bg7 4. Nf3 d6 5. Bc4 Nf6 6. O-O Nc6 7. d3 O-O 8. Qe1
b6 9. Qh4 e6 10. a3 Rb8 11. Ba2 b5 12. Ne2 d5 13. e5 Nd7 14. Qh3 Re8 15. Ng5 h6
16. Nf3 f5 17. b3 Qe7 18. Qg3 Nf8 19. Kh1 Bb7 20. d4 Nxd4 21. Nexd4 cxd4 22.
Nxd4 Rbc8 23. Bd2 Qc5 24. c3 a5 25. b4 axb4 26. axb4 Qb6 27. Bb3 Ra8 28. Be3
Qd8 29. Nxb5 Ba6 30. Nd6 Bxf1 31. Rxa8 Qxa8 32. Nxe8 Qxe8 33. Qf2 Qb5 34. Qd2
Qd3 35. Qxd3 Bxd3 36. Ba4 Kf7 37. Kg1 Ke7 38. Bc5+ Kd8 39. Bd6 Nd7 40. Bc6 g5
41. b5 Bxb5 42. Bxb5 gxf4 43. Bxd7 Kxd7 44. Kf2 h5 45. Kf3 Bh6 46. g3 fxg3 47.
hxg3 Kc6 48. Bb4 Kb5 49. Ba3 Kc4 50. Bb2 Kd3 51. Kf2 Ke4 52. Ke2 Kxe5 53. c4+
Kd6 54. cxd5 Kxd5 55. Kf3 e5 56. Ke2 Ke4 57. Kf2 Bf8 58. Kg2 Bd6 59. Kh3 Kf3
60. Bc1 e4 61. Kh4 Bxg3+ 0-1

[Event "C.to Provinciale IM-SV"]
[Site "Alassio ITA"]
[Date "2016.01.16"]
[Round "2"]
[White "Cardino, Guido"]
[Black "Delucis, Mauro"]
[WhiteElo "1609"]
[BlackElo "1370"]
[Result "1-0"]
[PlyCount "55"]
[EventDate "2016.01.15"]

1. d4 d5 2. c4 e5 3. dxe5 d4 4. Nf3 Nc6 5. Nbd2 Nge7 6. Nb3 Nf5 7. a3 Be6 8.
Qd3 Be7 9. g4 Nh4 10. Nxh4 Bxh4 11. Bf4 Bg5 12. Bg3 Bxg4 13. Bg2 Bd7 14. O-O h5
15. f4 h4 16. fxg5 hxg3 17. Qxg3 Be6 18. Rad1 Rh5 19. h4 g6 20. Bxc6+ bxc6 21.
Nxd4 Qe7 22. Nxe6 Qxe6 23. Qf4 Qf5 24. Qg3 Qe6 25. Rd4 Qe7 26. Rf6 Qc5 27. Qf2
Rh7 28. Rd8+ 1-0

[Event "C.to Provinciale IM-SV"]
[Site "Alassio ITA"]
[Date "2016.01.16"]
[Round "2"]
[White "Delucis, Gabriele"]
[Black "Pesce, Leandro"]
[WhiteElo "1384"]
[BlackElo "1692"]
[Result "1/2-1/2"]
[PlyCount "41"]
[EventDate "2016.01.15"]

1. Nf3 Nf6 2. b3 d6 3. Bb2 g6 4. g3 Bg7 5. Bg2 O-O 6. O-O c6 7. c4 e5 8. d3 Bd7
9. Nbd2 a5 10. a3 Na6 11. Re1 Re8 12. Qc2 Rb8 13. e3 c5 14. Bc3 Bc6 15. e4 b6
16. a4 Rf8 17. Rab1 Bd7 18. Re2 Qc8 19. Rbe1 Bh3 20. Bh1 Ne8 21. Ng5 1/2-1/2

[Event "C.to Provinciale IM-SV"]
[Site "Alassio ITA"]
[Date "2016.01.16"]
[Round "2"]
[White "Guido, Pierpaolo"]
[Black "Camerino, Simone"]
[WhiteElo "1440"]
[BlackElo "1580"]
[Result "1-0"]
[PlyCount "69"]
[EventDate "2016.01.15"]

1. d4 Nf6 2. e3 g6 3. Bd3 Bg7 4. f4 b6 5. Nf3 Bb7 6. Qe2 O-O 7. Nbd2 d6 8. c3
Nbd7 9. Ng5 e6 10. Nde4 Re8 11. Nxf6+ Nxf6 12. Nf3 Ne4 13. Bd2 c5 14. Bc2 Rc8
15. O-O-O c4 16. Be1 b5 17. h4 h5 18. Ng5 Nf6 19. e4 Qb6 20. e5 Ng4 21. Be4 d5
22. Bf3 Nh6 23. g4 hxg4 24. Bxg4 a5 25. h5 b4 26. hxg6 fxg6 27. Bh3 bxc3 28.
Bxc3 Rb8 29. Qc2 Nf5 30. Bxf5 gxf5 31. Qh2 Kf8 32. Qh5 Qc7 33. Bxa5 Qd7 34.
Bb4+ Re7 35. Qf7# 1-0

[Event "C.to Provinciale IM-SV"]
[Site "Alassio ITA"]
[Date "2016.01.16"]
[Round "2"]
[White "Montani, Riccardo"]
[Black "Morselli, Stefano"]
[WhiteElo "1870"]
[BlackElo "1814"]
[Result "0-1"]
[PlyCount "60"]
[EventDate "2016.01.15"]

1. d4 Nf6 2. c4 c5 3. d5 g6 4. Nc3 Bg7 5. e4 d6 6. f4 O-O 7. Nf3 Na6 8. Be2 Nc7
9. O-O a6 10. a4 Rb8 11. Qe1 Bd7 12. Qh4 b5 13. e5 b4 14. Nd1 Nfe8 15. Ng5 h6
16. Nf3 e6 17. Qf2 exd5 18. cxd5 Nxd5 19. exd6 Nxd6 20. Qxc5 Be6 21. Bxa6 Ne4
22. Qc2 Bf5 23. Bd3 Qb6+ 24. Kh1 Rfe8 25. Ne5 Rbc8 26. Qb3 Qd4 27. Nxf7 Nc5 28.
Qc4 Qxd3 29. Nd6 Qxc4 30. Nxc4 Bd3 0-1

[Event "C.to Provinciale IM-SV"]
[Site "Alassio ITA"]
[Date "2016.01.16"]
[Round "2"]
[White "Pedemonte, Claudio"]
[Black "Caputi, Giuliano"]
[WhiteElo "1812"]
[BlackElo "1875"]
[Result "0-1"]
[PlyCount "56"]
[EventDate "2016.01.15"]

1. c4 c6 2. e4 d5 3. exd5 cxd5 4. d4 Nf6 5. Nc3 Nc6 6. Bg5 Be6 7. Nf3 h6 8.
cxd5 Nxd5 9. Bh4 g5 10. Bg3 Bg7 11. Bb5 Qb6 12. Qa4 O-O 13. Bxc6 Qxb2 14. Nxd5
Qxa1+ 15. Qd1 Qxd1+ 16. Kxd1 bxc6 17. Nxe7+ Kh7 18. Nxc6 Bxa2 19. Kd2 Bd5 20.
Nce5 f6 21. Nd3 Rfd8 22. Nc5 Bxf3 23. gxf3 Rxd4+ 24. Ke3 f5 25. f4 g4 26. f3
Re8+ 27. Kf2 Rd2+ 28. Kf1 Rd1+ 0-1

[Event "C.to Provinciale IM-SV"]
[Site "Alassio ITA"]
[Date "2016.01.16"]
[Round "2"]
[White "Sotgia, Cosimo"]
[Black "Massimillo, Angelo"]
[WhiteElo "1878"]
[BlackElo "1367"]
[Result "1-0"]
[PlyCount "79"]
[EventDate "2016.01.15"]

1. e4 c5 2. Nf3 Nc6 3. Bb5 d6 4. c3 Bd7 5. Qe2 a6 6. Ba4 Nf6 7. O-O e6 8. d3
Be7 9. Nbd2 O-O 10. Bb3 b5 11. a4 b4 12. Nc4 Na5 13. Nxa5 Qxa5 14. Bd2 e5 15.
h3 Qb6 16. cxb4 cxb4 17. a5 Qb7 18. Rfc1 Be6 19. Bxe6 fxe6 20. Ng5 Qd7 21. Bxb4
Rab8 22. Bc3 h6 23. Nf3 Qb5 24. Rc2 Nd7 25. d4 Qxe2 26. Rxe2 exd4 27. Nxd4 e5
28. Nc6 Rbe8 29. Bb4 Nc5 30. Bxc5 dxc5 31. Nxe5 Bf6 32. Nd7 Rf7 33. Nxf6+ Rxf6
34. Rc1 Re5 35. Rc4 g5 36. Rd2 Rfe6 37. f3 Kf7 38. Rdc2 Rd6 39. Rxc5 Rd1+ 40.
Kh2 1-0

[Event "C.to Provinciale IM-SV"]
[Site "Alassio ITA"]
[Date "2016.01.16"]
[Round "2"]
[White "Tardito, Pierluigi"]
[Black "Scarrone, Eugenio"]
[WhiteElo "1700"]
[BlackElo "1421"]
[Result "1-0"]
[PlyCount "93"]
[EventDate "2016.01.15"]

1. e4 e5 2. Bc4 Nf6 3. d3 Bc5 4. h3 Nc6 5. a3 a5 6. Nc3 h6 7. f4 d6 8. f5 O-O
9. Nf3 a4 10. Ne2 Ne7 11. Ba2 b5 12. g4 c6 13. c3 Qc7 14. Ng3 d5 15. Qe2 d4 16.
g5 hxg5 17. Nxg5 g6 18. Qf3 Kg7 19. h4 dxc3 20. bxc3 Neg8 21. h5 Nh6 22. hxg6
fxg6 23. Rxh6 Qa7 24. Rxg6+ Kh8 25. Nf7+ Rxf7 26. Bxf7 Qxf7 27. Nh5 Be7 28.
Nxf6 Bxf6 29. Qh5+ Qh7 30. Rh6 Ra7 31. Qe8+ Kg7 32. Rxh7+ Kxh7 33. Qxc8 Rg7 34.
Be3 Bh4+ 35. Kf1 Rg3 36. Qd7+ Kg8 37. Bf2 Rf3 38. Ra2 Kf8 39. Qh7 Bf6 40. Kg2
Rxd3 41. Bh4 Bg7 42. f6 Rd7 43. Kh2 Rf7 44. fxg7+ Rxg7 45. Qh8+ Kf7 46. Rf2+
Kg6 47. Rf6# 1-0

[Event "C.to Provinciale IM-SV"]
[Site "Alassio ITA"]
[Date "2016.01.16"]
[Round "2"]
[White "Tripodi, Enzo"]
[Black "Ivaldo, Fabrizio"]
[WhiteElo "1722"]
[BlackElo "1869"]
[Result "0-1"]
[PlyCount "44"]
[EventDate "2016.01.15"]

1. e4 e6 2. d4 d5 3. Nd2 Nf6 4. e5 Nfd7 5. Bd3 c5 6. c3 Nc6 7. Ne2 cxd4 8. cxd4
Qb6 9. Nf3 f6 10. exf6 Nxf6 11. Nc3 Bd6 12. O-O O-O 13. Re1 Bd7 14. h3 Rae8 15.
Bb1 Bb8 16. Na4 Qc7 17. Nc5 Bc8 18. Bg5 b6 19. Bxf6 Rxf6 20. Nd3 Rxf3 21. gxf3
Qh2+ 22. Kf1 Nxd4 0-1

[Event "C.to Provinciale IM-SV"]
[Site "Alassio ITA"]
[Date "2016.01.16"]
[Round "3"]
[White "Camerino, Simone"]
[Black "Badano, Fabio"]
[WhiteElo "1580"]
[BlackElo "1760"]
[Result "0-1"]
[PlyCount "58"]
[EventDate "2016.01.15"]

1. c4 Nf6 2. d4 e6 3. Nc3 Bb4 4. a3 Bxc3+ 5. bxc3 c5 6. Nf3 Nc6 7. Bg5 h6 8.
Bd2 d6 9. e3 e5 10. Be2 Bd7 11. O-O Rc8 12. Ne1 cxd4 13. Nc2 dxe3 14. Nxe3 Na5
15. Rb1 Be6 16. Rb4 O-O 17. f4 Ne4 18. fxe5 Nxd2 19. Qxd2 dxe5 20. Nd5 Rc5 21.
Rd1 Bxd5 22. cxd5 Qd6 23. c4 Rfc8 24. Rc1 b6 25. Qa2 Rxd5 26. Rf1 Rd2 27. Rb2
Qd4+ 28. Rf2 Qxb2 29. Qxb2 Rxb2 0-1

[Event "C.to Provinciale IM-SV"]
[Site "Alassio ITA"]
[Date "2016.01.16"]
[Round "3"]
[White "Caputi, Giuliano"]
[Black "Sotgia, Cosimo"]
[WhiteElo "1875"]
[BlackElo "1878"]
[Result "1/2-1/2"]
[PlyCount "108"]
[EventDate "2016.01.15"]

1. e4 d6 2. d4 Nf6 3. Nc3 e5 4. dxe5 dxe5 5. Qxd8+ Kxd8 6. Bg5 c6 7. Bc4 Ke8 8.
Nf3 Bd6 9. O-O Ke7 10. Bh4 Be6 11. Bd3 h6 12. Nd2 Nbd7 13. f3 g5 14. Bf2 Nh5
15. Nc4 Bc7 16. Ne2 Nf4 17. Nxf4 gxf4 18. g4 fxg3 19. hxg3 h5 20. Kg2 Rag8 21.
Rh1 h4 22. g4 b5 23. Nd2 Bb6 24. Bxh4+ f6 25. Bf2 Bxf2 26. Kxf2 Nc5 27. Be2 Na4
28. b3 Nc3 29. a3 Rd8 30. Ke3 Nxe2 31. Kxe2 a5 32. Rxh8 Rxh8 33. Nf1 Rh1 34.
Kf2 Rh8 35. a4 b4 36. Rd1 Rd8 37. Rxd8 Kxd8 38. Ke3 Ke7 39. Ng3 c5 40. Nf5+ Kd7
41. Kd3 Bf7 42. Ne3 Kd6 43. Nc4+ Bxc4+ 44. Kxc4 Kc6 45. Kd3 Kd6 46. Ke3 Ke7 47.
f4 exf4+ 48. Kxf4 Ke6 49. Kf3 Ke5 50. Ke3 Kd6 51. Kf4 Ke6 52. Kg3 Ke5 53. Kf3
Kd6 54. Ke2 Ke5 1/2-1/2

[Event "C.to Provinciale IM-SV"]
[Site "Alassio ITA"]
[Date "2016.01.16"]
[Round "3"]
[White "Gandolfo, Gianluca"]
[Black "Cardino, Guido"]
[WhiteElo "1706"]
[BlackElo "1609"]
[Result "1-0"]
[PlyCount "119"]
[EventDate "2016.01.15"]

1. e4 c6 2. d4 d5 3. Nc3 dxe4 4. Nxe4 Bf5 5. Ng3 Bg6 6. h4 h6 7. Nf3 Nd7 8. h5
Bh7 9. Bd3 Bxd3 10. Qxd3 e6 11. Bf4 Qa5+ 12. Bd2 Bb4 13. Ne4 Ngf6 14. Nd6+ Ke7
15. Nc4 Bxd2+ 16. Nfxd2 Qc7 17. Qa3+ c5 18. O-O-O Rhd8 19. dxc5 Nxc5 20. f4 Ke8
21. Kb1 Nce4 22. Qa4+ Kf8 23. Qb4+ Kg8 24. Nxe4 Nxe4 25. Ne5 Nf2 26. Rxd8+ Rxd8
27. Re1 Rd1+ 28. Rxd1 Nxd1 29. Qd2 Nxb2 30. Kxb2 Qb6+ 31. Kc3 Qa5+ 32. Kd3 Qxa2
33. Ke2 Qa4 34. Qd8+ Kh7 35. Nxf7 Qxc2+ 36. Qd2 Qe4+ 37. Kf2 Qf5 38. Ne5 Qxh5
39. Qd3+ Kh8 40. Qd7 Qf5 41. Kg3 a5 42. Qxb7 a4 43. Qa8+ Kh7 44. Qxa4 g5 45.
Qd7+ Kg8 46. Qe8+ Kg7 47. Qe7+ Kg8 48. Qb4 h5 49. Qd4 h4+ 50. Kh2 gxf4 51. Nf3
Kf7 52. Qd7+ Kg8 53. Qd8+ Kg7 54. Qxh4 e5 55. Qe7+ Kg8 56. Qxe5 Qh7+ 57. Kg1
Qb1+ 58. Qe1 Qh7 59. Qe6+ Qf7 60. Ng5 1-0

[Event "C.to Provinciale IM-SV"]
[Site "Alassio ITA"]
[Date "2016.01.16"]
[Round "3"]
[White "Ivaldo, Fabrizio"]
[Black "Cirabisi, Federico"]
[WhiteElo "1869"]
[BlackElo "1986"]
[Result "0-1"]
[PlyCount "58"]
[EventDate "2016.01.15"]

1. d4 d5 2. Nf3 e6 3. c4 c6 4. g3 Bd6 5. Bg2 Nd7 6. O-O f5 7. Qc2 Ngf6 8. Bg5
O-O 9. Nbd2 Qe8 10. Ne1 Qh5 11. Ndf3 Ne4 12. Bd2 Rf6 13. Nd3 g5 14. Nde5 Rh6
15. h4 Nxd2 16. Qxd2 gxh4 17. Nxd7 Bxd7 18. Nxh4 f4 19. Bf3 Qg5 20. Bg2 Rf8 21.
Nf3 Qh5 22. c5 Bc7 23. Qe1 Rf7 24. e4 dxe4 25. Qxe4 Rg7 26. Rfe1 fxg3 27. Ne5
Qh2+ 28. Kf1 gxf2 29. Re2 Qg1# 0-1

[Event "C.to Provinciale IM-SV"]
[Site "Alassio ITA"]
[Date "2016.01.16"]
[Round "3"]
[White "Massimillo, Angelo"]
[Black "Tripodi, Enzo"]
[WhiteElo "1367"]
[BlackElo "1722"]
[Result "0-1"]
[PlyCount "96"]
[EventDate "2016.01.15"]

1. c4 Nf6 2. g3 e6 3. Bg2 d5 4. Nf3 c5 5. O-O Nc6 6. Na3 Be7 7. d4 dxc4 8. dxc5
O-O 9. Nxc4 Bxc5 10. Be3 Bxe3 11. Nxe3 e5 12. Qxd8 Rxd8 13. Rfd1 Be6 14. b3 h6
15. Nc4 Bxc4 16. bxc4 e4 17. Nd2 Re8 18. Rab1 b6 19. e3 Na5 20. Rbc1 Rad8 21.
Bf1 Rd6 22. Nb3 Nb7 23. Rxd6 Nxd6 24. c5 bxc5 25. Rxc5 Rc8 26. Rxc8+ Nxc8 27.
Nd4 Nd5 28. Ba6 Nd6 29. Nc6 Nc7 30. Be2 a6 31. a4 f5 32. Nb4 a5 33. Nc6 Nd5 34.
Nxa5 Nc3 35. Bc4+ Nxc4 36. Nxc4 Nxa4 37. Nd2 Kf7 38. f3 Nc3 39. Kf2 Ke6 40.
fxe4 Nxe4+ 41. Nxe4 fxe4 42. h3 h5 43. Ke2 Kd5 44. Kd1 Kc4 45. Kc2 g5 46. g4 h4
47. Kd2 Kb3 48. Kc1 Kc3 0-1

[Event "C.to Provinciale IM-SV"]
[Site "Alassio ITA"]
[Date "2016.01.16"]
[Round "3"]
[White "Mercandelli, Claudio"]
[Black "Guido, Pierpaolo"]
[WhiteElo "1900"]
[BlackElo "1440"]
[Result "1-0"]
[PlyCount "113"]
[EventDate "2016.01.15"]

1. Nf3 d5 2. d4 f5 3. e3 e6 4. Bd3 Nf6 5. Nbd2 Bd6 6. Qe2 Qe7 7. O-O Nbd7 8. c4
c6 9. Rb1 Ne4 10. Ne1 Ndf6 11. f4 Ng4 12. Bxe4 dxe4 13. Nxe4 Bc7 14. Nc3 Bd7
15. Nf3 O-O 16. b3 h6 17. h3 Nf6 18. Ne5 Be8 19. Bd2 Ba5 20. Na4 Bh5 21. Qe1
Bxd2 22. Qxd2 Ne4 23. Qe1 Kh7 24. Nc3 Nd6 25. c5 Nf7 26. Nxf7 Rxf7 27. Kh2 Rg8
28. Qf2 g5 29. g3 Rfg7 30. Rg1 Bg6 31. b4 Be8 32. a4 Rg6 33. a5 Qc7 34. Qa2
gxf4 35. gxf4 Qg7 36. Qf2 Qc7 37. Rxg6 Rxg6 38. Rg1 b6 39. Rxg6 Bxg6 40. Qa2
Bf7 41. axb6 axb6 42. cxb6 Qxb6 43. Qa5 Qb7 44. Na4 Qe7 45. Kg3 h5 46. Qc5 h4+
47. Kf2 Qe8 48. Qc1 Qa8 49. Qd1 Kh6 50. Nc5 Qa2+ 51. Kg1 Qa3 52. Qe1 Kh5 53.
Nd7 Kh6 54. Qxh4+ Bh5 55. Qg5+ Kh7 56. Nf6+ Kh8 57. Qg8# 1-0